000
00312nam a22001097a 4500
082
_a
397.2
_b
UMA
100
_a
صدیقی,ڈاکٹر عمیر محمود
_9
112046
245
_a
غزوۂ ہند Ghazwa e Hind /
_c
,ڈاکٹر عمیر محمود صدیقی
260
_c
2019
300
_a
112p. ;
942
_2
ddc
_c
BK
999
_c
594618
_d
594618